| LEADER | 01070cam a2200253 a 4500 | ||
|---|---|---|---|
| 001 | 13754737 | ||
| 003 | GR-PaULI | ||
| 005 | 20231011132651.0 | ||
| 008 | 041019s2004 enka b 001 0 eng | ||
| 952 | |0 0 |1 0 |2 ddc |4 0 |6 152_470000000000000_82_LER |7 0 |9 229060 |a LISP |b LISP |c BSC |d 2019-01-15 |i 124814 |l 2 |m 2 |o 152.470 82 LER |p 025000259787 |r 2022-12-21 00:00:00 |s 2022-11-01 |t 1 |v 2019.00 |w 2019-01-15 |y BK15 | ||
| 999 | |c 139046 |d 139046 | ||
| 020 | |a 9780722536230 | ||
| 040 | |a DLC |c DLC |d DLC |b gre |e AACR2 | ||
| 082 | 0 | 0 | |a 152.470 82 |2 23 |
| 100 | 1 | |a Lerner, Harriet Goldhor |9 173115 |e συγγραφέας. | |
| 245 | 1 | 4 | |a The dance of anger : |b a guide to changing the patterns of intimate relationships / |c Harriet Lerner. |
| 260 | |a London : |b Element, |c 2004. | ||
| 300 | |a xvi, 239 σ. : |b εικ. ; |c 21 εκ. | ||
| 500 | |a | ||
| 504 | |a Περιλαμβάνει βιβλιογραφικές παραπομπές και ευρετήριο. | ||
| 650 | 4 | |a Θυμός |9 173116 | |
| 650 | 0 | |a Γυναίκες |x Ψυχολογία |9 158490 | |
| 942 | |2 ddc |c BK15 | ||
| 998 | |c ΜΠΟΥΡΑΣ |d 2019-01 | ||